000 00680nam a2200217Ii 4500
003 JO-AjNU
008 230605s9999||||xx |||||||||||||| ||und||
017 _a2002/12/2949
040 _aJO-AjNU
_bara
_erda
_cJO-AjNU
041 _aara
050 1 4 _aPJ7876.Z3 2003
100 3 _aتاليف قاسم، زياد,
_eauthor
_950503
245 0 0 _aالزوبعة 6
250 _aط1
264 3 1 _aعمان: المؤسسة العربية للدراسات، 2002
300 _a321ص
336 _atext
_btxt
_2rdacontent
337 _aunmediated
_bn
_2rdamedia
338 _avolume
_bnc
_2rdacarrier
650 4 _aالقصص العربية-العصر الحديث-الاردن
_950504
999 _aA22251
_c25819
_d25819